Statistics for Anoa'i and Maivia Family by Picture

Click here to take the quiz!

General Stats

  • This quiz has been taken 5 times
  • The average score is 14 of 17

Answer Stats

Answer% Correct
Jey Uso
100%
Jimmy Uso
100%
Naomi / Trinity Fatu
100%
Rikishi
100%
Roman Reigns
100%
Sika
100%
Solo Sikoa
100%
The Rock
100%
Umaga
100%
Yokozuna
100%
Afa
80%
Jacob Fatu
80%
Rocky Johnson
80%
Rosey
60%
Ava Raine
40%
Peter Maivia
40%
The Tonga Kid
20%

Score Distribution

Percentile by Number Answered

Percent of People with Each Score

Your Score History

You have not taken this quiz